| 000 | 00505nam a22001817a 4500 | ||
|---|---|---|---|
| 005 | 20240902120414.0 | ||
| 008 | 240831b |||||||| |||| 00| 0 eng d | ||
| 020 | _a978-0-3678-9488-7 | ||
| 041 | _aeng | ||
| 082 | _a615.19 FLO | ||
| 100 |
_aFLORENCE, ALEXENDER T. AND SIEPMANN, JUERGEN _98479 |
||
| 245 | _aMODERN PHARMACEUTICS:BASIC PRINCIPLES AND SYSTEM [VOL-1] | ||
| 250 | _a5TH ED, | ||
| 260 |
_aNEW YORK _bCRC PRESS |
||
| 300 | _a633; P | ||
| 650 |
_aPHARMACY _xM.PHARMA _98499 |
||
| 942 | _cBK | ||
| 999 |
_c8606 _d8604 |
||